[Event "Mondiale Lampo FIDE 2022"]
[Site "Alma Ata"]
[Date "30.12.2022"]
[Round "14.63"]
[White "Urazayev, Arystanbek"]
[Black "Munkhgal, Gombosuren"]
[Result "1-0"]
[WhiteTitle ""]
[BlackTitle ""]
[WhiteElo "2465"]
[BlackElo "2463"]
[WhiteFideId "13709810"]
[BlackFideId "4901266"]
[EventDate "29.12.2022"]

1. e4 e6 2. d4 d5 3. e5 c5 4. c3 Nc6 5. Nf3 Qb6 6. Bd3 cxd4 7. O-O Bd7 8. Re1
Nge7 9. h4 Rc8 10. h5 h6 11. a3 a5 12. Nbd2 dxc3 13. bxc3 a4 14. c4 Qa7 15. Rb1
Na5 16. Qe2 Bc6 17. cxd5 Nxd5 18. Ne4 Nb3 19. Bb2 Nf4 20. Qf1 Nxd3 21. Qxd3 Bxe4
22. Rxe4 Qa6 23. Qxa6 bxa6 24. Rxa4 Nc5 25. Rc4 Rb8 26. Rb4 Rxb4 27. axb4 Nd3
28. Bc3 Nf4 29. Bd2 Nd5 30. b5 axb5 31. Rxb5 Be7 32. Rb8+ Bd8 33. Nd4 O-O 34.
Nc6 Bc7 35. Rb7 Ra8 36. g3 Ra6 37. Nb4 Nxb4 38. Rxc7 Nd5 39. Rc8+ Kh7 40. Rf8
Ra7 41. Kg2 Rd7 42. Bc1 Ra7 43. Bb2 g5 44. Bd4 Rc7 45. Bb2 Kg7 46. Ra8 Rc2 47.
Ba3 Ne3+ 48. Kf3 Nd1 49. Be7 Rxf2+ 50. Ke4 Nc3+ 51. Ke3 Nd1+ 52. Kd3 f5 53.
exf6+ Kh7 54. Ke4 Re2+ 55. Kd4 e5+ 56. Kd5 Ne3+ 57. Ke6 Ng4 58. f7 Rf2 59. f8=Q
Rxf8 60. Rxf8 e4 61. Bf6 1-0

[Event "Mondiale Lampo FIDE 2022"]
[Site "Alma Ata"]
[Date "30.12.2022"]
[Round "14.64"]
[White "Najer, Evgeniy"]
[Black "Sapenov, Daniyal"]
[Result "1-0"]
[WhiteTitle ""]
[BlackTitle ""]
[WhiteElo "2662"]
[BlackElo "2323"]
[WhiteFideId "4118987"]
[BlackFideId "13728911"]
[EventDate "29.12.2022"]

1. e4 e5 2. Nf3 Nc6 3. Bb5 a6 4. Ba4 Nf6 5. O-O b5 6. Bb3 Bc5 7. Nc3 d6 8. Nd5
Rb8 9. c3 Nxd5 10. Bxd5 Ne7 11. Bb3 Bb6 12. Ng5 d5 13. Qh5 g6 14. Qh6 Be6 15.
Qg7 Kd7 16. exd5 Nxd5 17. Nxf7 Qe7 18. Nxe5+ Kd6 19. Qxe7+ Nxe7 20. d4 Rbf8 21.
Bh6 Rf5 22. g4 Bxb3 23. axb3 Kd5 1-0

[Event "Mondiale Lampo FIDE 2022"]
[Site "Alma Ata"]
[Date "30.12.2022"]
[Round "14.65"]
[White "Makarian, Rudik"]
[Black "Hambleton, Aman"]
[Result "0-1"]
[WhiteTitle ""]
[BlackTitle ""]
[WhiteElo "2554"]
[BlackElo "2437"]
[WhiteFideId "44105681"]
[BlackFideId "2606577"]
[EventDate "29.12.2022"]

1. c4 c5 2. Nf3 b6 3. Nc3 Bb7 4. d4 cxd4 5. Nxd4 Nf6 6. f3 e6 7. e4 d6 8. Be3 a6
9. Be2 Nbd7 10. g4 h6 11. Qd2 Rc8 12. h4 Ne5 13. O-O-O Nxc4 14. Bxc4 Rxc4 15. g5
hxg5 16. hxg5 Rxh1 17. Rxh1 Nd7 18. g6 Qf6 19. gxf7+ Qxf7 20. Kb1 b5 21. Nce2
Ne5 22. Nf4 Nxf3 23. Nxf3 Bxe4+ 24. Ka1 Bxf3 25. Rh8 Kd7 26. Nd3 Bd5 27. b3 Rc8
28. Kb2 g5 29. Ka3 Be7 30. Rxc8 Kxc8 31. Qa5 Bb7 32. Qb6 Bd8 33. Qd4 e5 34. Qc3+
Qc7 35. Qd2 Qa5+ 36. Qxa5 Bxa5 37. Bxg5 Kd7 38. Be3 Ke6 39. b4 Bd8 40. Kb2 Bd5
41. a3 Bc4 42. Nf2 d5 43. Bc5 Bh4 44. Kc2 Be2 45. Kd2 Bh5 46. Nd3 Bg5+ 47. Be3
Bxe3+ 48. Kxe3 d4+ 49. Kd2 Kd5 50. Nc5 e4 51. Nxa6 Kc4 52. Nc5 e3+ 53. Kc2 d3+ 0-1

[Event "Mondiale Lampo FIDE 2022"]
[Site "Alma Ata"]
[Date "30.12.2022"]
[Round "14.66"]
[White "Kostenko, Petr"]
[Black "Dragnev, Valentin"]
[Result "0-1"]
[WhiteTitle ""]
[BlackTitle ""]
[WhiteElo "2374"]
[BlackElo "2556"]
[WhiteFideId "13700669"]
[BlackFideId "1634852"]
[EventDate "29.12.2022"]

1. c4 Nf6 2. g3 e6 3. Bg2 d5 4. Nf3 dxc4 5. Na3 Bxa3 6. bxa3 O-O 7. Bb2 Nbd7 8.
Rc1 Nb6 9. Ne5 Bd7 10. Nxd7 Qxd7 11. Bxb7 Rab8 12. Bg2 Rfd8 13. Qc2 Qd6 14. Bc3
Qxa3 15. Bxf6 gxf6 16. O-O Rd4 17. Rfd1 Rbd8 18. e3 R4d6 19. Bf1 Qa5 20. d4 cxd3
21. Bxd3 Kg7 22. Be2 Rd2 23. Qxc7 Qxa2 24. Bh5 R8d7 25. Qf4 Rxd1+ 26. Bxd1 Qb2
27. Qg4+ Kf8 28. Rc5 Qb1 29. Kg2 Qxd1 30. Qh4 Qd6 31. Rh5 Ke7 32. Rxh7 Qd5+ 33.
e4 Qg5 34. Qh3 Rd2 35. Rh8 Qe3 0-1

[Event "Mondiale Lampo FIDE 2022"]
[Site "Alma Ata"]
[Date "30.12.2022"]
[Round "14.67"]
[White "Gharibyan, Mamikon"]
[Black "Burmakin, Vladimir"]
[Result "1-0"]
[WhiteTitle ""]
[BlackTitle ""]
[WhiteElo "2480"]
[BlackElo "2498"]
[WhiteFideId "13308300"]
[BlackFideId "4105109"]
[EventDate "29.12.2022"]

1. Nf3 d5 2. g3 c6 3. Bg2 Bf5 4. O-O e6 5. d3 Nf6 6. c4 Nbd7 7. Qb3 Qb6 8. Nc3
Be7 9. Be3 Qxb3 10. axb3 a6 11. Nb1 O-O 12. Bd4 Bd6 13. Bc3 e5 14. b4 Rfe8 15.
Rd1 Bc7 16. b3 h6 17. Be1 Bh7 18. cxd5 cxd5 19. Nc3 e4 20. dxe4 dxe4 21. Nd4 Ne5
22. b5 Red8 23. Na4 Rd5 24. b6 Bd8 25. Nc2 Rxd1 26. Rxd1 Be7 27. Bc3 Nc6 28. Ne3
Rd8 29. Rc1 Nd5 30. Nxd5 Rxd5 31. h4 Bf5 32. g4 Bxg4 33. Bxe4 Rd7 34. f3 Be6 35.
Be1 Nd8 36. Rc7 Rd1 37. Rxe7 Rxe1+ 38. Kf2 Kf8 39. Rxb7 Rc1 40. Rb8 Ke7 41. b7
Nxb7 42. Rxb7+ Kf6 43. Rb6 Rh1 44. Rxa6 Rxh4 45. b4 Rh1 46. b5 Ke5 47. b6 1-0

[Event "Mondiale Lampo FIDE 2022"]
[Site "Alma Ata"]
[Date "30.12.2022"]
[Round "14.68"]
[White "Averin, Nikolay"]
[Black "Fedorov, Alexei"]
[Result "0-1"]
[WhiteTitle ""]
[BlackTitle ""]
[WhiteElo "2342"]
[BlackElo "2475"]
[WhiteFideId "24250473"]
[BlackFideId "13500465"]
[EventDate "29.12.2022"]

1. e4 c5 2. Nf3 Nc6 3. d4 cxd4 4. Nxd4 Qb6 5. Nb3 Nf6 6. Nc3 e6 7. Be3 Qc7 8. a3
a6 9. f4 d6 10. g4 b5 11. g5 Nd7 12. Qd2 Be7 13. h4 Bb7 14. Qf2 Rc8 15. Bg2 b4
16. axb4 Nxb4 17. O-O O-O 18. Rfd1 f5 19. exf5 Bxg2 20. fxe6 Ba8 21. exd7 Qxd7
22. Ra5 Qh3 23. Nd5 Rxc2 24. Rd2 Nxd5 25. Raxd5 Bxd5 0-1

[Event "Mondiale Lampo FIDE 2022"]
[Site "Alma Ata"]
[Date "30.12.2022"]
[Round "14.69"]
[White "Sankalp, Gupta"]
[Black "Yudin, Sergei"]
[Result "0-1"]
[WhiteTitle ""]
[BlackTitle ""]
[WhiteElo "2485"]
[BlackElo "2469"]
[WhiteFideId "5097010"]
[BlackFideId "4159659"]
[EventDate "29.12.2022"]

1. d4 d5 2. Bf4 c5 3. e3 Nc6 4. Nf3 Nf6 5. Nbd2 Nh5 6. Bg5 h6 7. Bh4 g5 8. Ne5
Nxe5 9. dxe5 Ng7 10. Bg3 Nf5 11. Nb3 e6 12. c4 d4 13. exd4 cxd4 14. Bd3 Bb4+ 15.
Kf1 Bd7 16. Qh5 Qe7 17. Rd1 O-O-O 18. a3 Ba4 19. axb4 Bxb3 20. Rc1 Qxb4 21. Ke2
Rd7 22. f4 Ba4 23. Be1 Qb6 24. b4 Qc6 25. Rg1 Kb8 26. g4 Ne3 27. fxg5 Bc2 28.
gxh6 Bxd3+ 29. Kxd3 Qf3 30. Rg3 Qf1+ 31. Kd2 Nxc4+ 32. Rxc4 Qxc4 33. h7 d3 34.
Ke3 d2 35. Bxd2 Qd3+ 36. Kf2 Qxd2+ 37. Kg1 Qe2 0-1

[Event "Mondiale Lampo FIDE 2022"]
[Site "Alma Ata"]
[Date "30.12.2022"]
[Round "14.70"]
[White "Savchenko, Boris"]
[Black "Maze, Sebastien"]
[Result "1-0"]
[WhiteTitle ""]
[BlackTitle ""]
[WhiteElo "2552"]
[BlackElo "2538"]
[WhiteFideId "4147332"]
[BlackFideId "613762"]
[EventDate "29.12.2022"]

1. e4 c5 2. Nf3 Nc6 3. d4 cxd4 4. Nxd4 g6 5. c4 Bg7 6. Be3 Nf6 7. Nc3 d6 8. Be2
O-O 9. O-O Bd7 10. Qd2 Nxd4 11. Bxd4 Bc6 12. f3 a5 13. b3 Nd7 14. Be3 Nc5 15.
Rac1 e6 16. Nb5 Be5 17. Bg5 f6 18. Bh6 Rf7 19. f4 Nxe4 20. Qe3 Bxf4 21. Rxf4 f5
22. Rd1 Bxb5 23. cxb5 d5 24. Qd4 Rc8 25. Bf3 Nc3 26. Re1 Nxb5 27. Qe5 Rc6 28.
Kh1 Qc7 29. Qxc7 Rfxc7 30. Ra4 b6 31. h4 Nc3 32. Rd4 Nxa2 33. Rxd5 Kf7 34. Rd8
Rc5 35. Bf4 Ra7 36. Rd6 Re7 37. Bg5 Rec7 38. Rdxe6 Nb4 39. Rxb6 Nd3 40. Rf1 Ne5
41. Rf6+ Kg7 42. Re6 Nxf3 43. Rxf3 h6 44. Bf4 Rd7 45. Rg3 g5 46. hxg5 hxg5 47.
Rxg5+ Kf7 48. Re5 Rxe5 49. Bxe5 Ke6 50. Bf4 Rd4 51. g3 Rd1+ 52. Kg2 Rb1 53. Rg6+
Kd5 54. Ra6 Ra1 55. Bd2 Ke4 56. Rxa5 1-0

[Event "Mondiale Lampo FIDE 2022"]
[Site "Alma Ata"]
[Date "30.12.2022"]
[Round "14.71"]
[White "Uskov, Artem"]
[Black "Narayanan, S.L."]
[Result "0-1"]
[WhiteTitle ""]
[BlackTitle ""]
[WhiteElo "2376"]
[BlackElo "2669"]
[WhiteFideId "34254854"]
[BlackFideId "5058422"]
[EventDate "29.12.2022"]

1. e4 e5 2. Nf3 Nc6 3. Bb5 a6 4. Ba4 Nf6 5. O-O Be7 6. Re1 b5 7. Bb3 O-O 8. c3
d5 9. exd5 Nxd5 10. Nxe5 Nxe5 11. Rxe5 Bb7 12. Qf3 c6 13. Bxd5 cxd5 14. d4 Bd6
15. Re1 Qc7 16. g3 Rfe8 17. Rxe8+ Rxe8 18. Be3 b4 19. a3 bxa3 20. Nxa3 h6 21.
Nc2 Re4 22. Re1 Qc4 23. Bc1 a5 24. Ne3 Qc7 25. Qf5 Bf8 26. f3 Re6 27. Kf2 Qe7
28. Bd2 Qd7 29. Ng4 Re2+ 30. Rxe2 Qxf5 31. Re8 Bc6 32. Rb8 Qc2 33. Ke1 f6 34.
Nxh6+ gxh6 35. Bxh6 Kh7 36. Bxf8 Qd3 37. g4 Qe3+ 38. Kf1 Qxf3+ 39. Ke1 Qh1+ 40.
Kf2 Qxh2+ 0-1

[Event "Mondiale Lampo FIDE 2022"]
[Site "Alma Ata"]
[Date "30.12.2022"]
[Round "14.72"]
[White "Petrov, Nikita"]
[Black "Uruci, Endrit"]
[Result "1-0"]
[WhiteTitle ""]
[BlackTitle ""]
[WhiteElo "2537"]
[BlackElo "2297"]
[WhiteFideId "4101286"]
[BlackFideId "22100199"]
[EventDate "29.12.2022"]

1. d4 d5 2. c4 c6 3. cxd5 cxd5 4. Bf4 Nf6 5. e3 Nc6 6. Bb5 e6 7. Nc3 Bd6 8. Bxd6
Qxd6 9. f4 O-O 10. Bd3 b6 11. a3 Bb7 12. Nf3 Rac8 13. Ne5 Na5 14. Qf3 Qe7 15.
O-O Nc4 16. Qe2 Nd6 17. Rac1 Rc7 18. Rc2 Rfc8 19. Rfc1 g6 20. Qe1 Nfe4 21. Nxe4
dxe4 22. Rxc7 Rxc7 23. Be2 Bd5 24. h3 Kg7 25. Rc3 f6 26. Ng4 Nf5 27. Qc1 Rxc3
28. Qxc3 Qd7 29. Bb5 Qb7 30. Ba4 b5 31. Bxb5 Qxb5 32. Qc7+ Kf8 33. Nxf6 Nxe3 34.
Nxh7+ Kg8 35. Nf6+ Kf8 36. Nh7+ Kg8 37. Nf6+ Kf8 38. Nd7+ Kg8 39. Qd8+ Kh7 40.
Qe7+ Kh6 41. Qg5+ Kg7 42. Qe7+ Kh8 43. Qf8+ Kh7 44. Nf6# 1-0

[Event "Mondiale Lampo FIDE 2022"]
[Site "Alma Ata"]
[Date "30.12.2022"]
[Round "14.73"]
[White "Vetokhin, Savva"]
[Black "Bologan, Victor"]
[Result "1-0"]
[WhiteTitle ""]
[BlackTitle ""]
[WhiteElo "2354"]
[BlackElo "2574"]
[WhiteFideId "44144474"]
[BlackFideId "13900048"]
[EventDate "29.12.2022"]

1. Nf3 c5 2. g3 g6 3. Bg2 Bg7 4. d4 cxd4 5. Nxd4 Nc6 6. Nb3 Nf6 7. c4 d6 8. O-O
h5 9. Nc3 h4 10. c5 hxg3 11. hxg3 Bh3 12. Bxh3 Rxh3 13. cxd6 Rh5 14. Kg2 Qd7 15.
Rh1 Rxh1 16. Qxh1 O-O-O 17. Qf1 Rh8 18. Kg1 Qxd6 19. Bf4 e5 20. Rd1 Qe6 21. Bg5
Nd7 22. Qg2 Qf5 23. Be3 Kb8 24. Nb5 Nf6 25. Nd6 Qc2 26. Rc1 Qxe2 27. Nxb7 Ng4
28. Qxc6 Nxe3 29. N3a5 1-0

[Event "Mondiale Lampo FIDE 2022"]
[Site "Alma Ata"]
[Date "30.12.2022"]
[Round "14.74"]
[White "Suyarov, Mukhammadzokhid"]
[Black "Puranik, Abhimanyu"]
[Result "1-0"]
[WhiteTitle ""]
[BlackTitle ""]
[WhiteElo "2299"]
[BlackElo "2616"]
[WhiteFideId "14210495"]
[BlackFideId "5061245"]
[EventDate "29.12.2022"]

1. d4 Nf6 2. Nc3 d5 3. Bf4 e6 4. e3 c5 5. Nb5 Na6 6. c3 Be7 7. Nf3 O-O 8. Be2
Bd7 9. a4 Qb6 10. O-O c4 11. b3 Rfc8 12. bxc4 dxc4 13. Ne5 Qd8 14. Bxc4 Nd5 15.
Bg3 Be8 16. e4 Nf6 17. Qf3 Nb8 18. d5 exd5 19. exd5 Bxb5 20. axb5 Bd6 21. Bd3
Qc7 22. Rfe1 Nbd7 23. Nxd7 Nxd7 24. c4 Nc5 25. Bc2 a5 26. bxa6 bxa6 27. Bf5 Rd8
28. Bh4 Rf8 29. Re3 Rae8 30. Rae1 Rxe3 31. Rxe3 g6 32. Bc2 Rb8 33. g3 a5 34. Qd1
Qd7 35. Bf6 Bf8 36. Bc3 a4 37. Qd4 f6 38. Qxf6 Bg7 39. Qxg7+ Qxg7 40. Bxg7 Kxg7
41. Re7+ Kf6 42. Rc7 Rb2 43. Rxc5 Rxc2 44. Rc6+ Ke5 45. Kg2 a3 1-0

[Event "Mondiale Lampo FIDE 2022"]
[Site "Alma Ata"]
[Date "30.12.2022"]
[Round "14.75"]
[White "Munkhdalai, Amilal"]
[Black "Damjanovic, Vuk"]
[Result "1-0"]
[WhiteTitle ""]
[BlackTitle ""]
[WhiteElo "2142"]
[BlackElo "2361"]
[WhiteFideId "4903250"]
[BlackFideId "980021"]
[EventDate "29.12.2022"]

1. e4 Nc6 2. Nf3 d6 3. d4 Nf6 4. Nc3 g6 5. h3 Bg7 6. Be3 a6 7. a4 b6 8. d5 Nb8
9. Qd2 Bb7 10. Bc4 Nbd7 11. Bh6 O-O 12. O-O c6 13. Bxg7 Kxg7 14. Rfe1 Qc7 15.
dxc6 Bxc6 16. Bd5 Rac8 17. Nd4 Bb7 18. Rad1 h6 19. Re3 Kh7 20. f4 Nxd5 21. exd5
Nf6 22. Nb3 b5 23. Qd4 Rfe8 24. axb5 axb5 25. g4 Qc4 26. Na5 Qc7 27. Nb3 Nd7 28.
Rde1 Nc5 29. Nxc5 dxc5 30. Qe5 Qd7 31. Ne4 Qxd5 32. Qxd5 Bxd5 33. Nf6+ exf6 34.
Rxe8 Rc6 35. f5 Ra6 36. Rd8 Bc4 37. b3 Kg7 38. bxc4 bxc4 39. Re7 Ra1+ 40. Kf2
Ra2 41. Rdd7 Rxc2+ 42. Ke1 gxf5 43. gxf5 h5 44. Rxf7+ Kh6 45. Rg7 Rc1+ 46. Kd2 1-0

[Event "Mondiale Lampo FIDE 2022"]
[Site "Alma Ata"]
[Date "30.12.2022"]
[Round "14.76"]
[White "Arjun, Kalyan"]
[Black "Shishkov, Andrei"]
[Result "1-0"]
[WhiteTitle ""]
[BlackTitle ""]
[WhiteElo "2505"]
[BlackElo "2340"]
[WhiteFideId "35018701"]
[BlackFideId "4500563"]
[EventDate "29.12.2022"]

1. e4 d5 2. exd5 Nf6 3. d4 Nxd5 4. Nf3 Bg4 5. Be2 e6 6. O-O Nc6 7. h3 Bh5 8. Re1
Be7 9. Nbd2 O-O 10. Ne4 Bg6 11. Bf1 h6 12. c3 Re8 13. a4 a5 14. Bb5 Nf6 15. Ng3
Rf8 16. Bxc6 bxc6 17. Ne5 Qd5 18. Nxg6 fxg6 19. Qe2 Kf7 20. Bf4 Bd6 21. c4 Be7 1-0

[Event "Mondiale Lampo FIDE 2022"]
[Site "Alma Ata"]
[Date "30.12.2022"]
[Round "14.77"]
[White "Khripachenko, Alexander"]
[Black "Harutyunyan, Tigran K."]
[Result "1-0"]
[WhiteTitle ""]
[BlackTitle ""]
[WhiteElo "2219"]
[BlackElo "2511"]
[WhiteFideId "54184975"]
[BlackFideId "13303635"]
[EventDate "29.12.2022"]

1. e4 e5 2. Nf3 Nc6 3. Bc4 Bc5 4. c3 Nf6 5. d3 d6 6. Nbd2 a5 7. h3 O-O 8. Qe2 a4
9. a3 Be6 10. O-O h6 11. Re1 Bxc4 12. Nxc4 Re8 13. Ne3 Ne7 14. d4 exd4 15. cxd4
Ba7 16. e5 Nfd5 17. Nxd5 Nxd5 18. Qb5 dxe5 19. dxe5 Bb6 20. Bd2 c6 21. Qc4 Qe7
22. Rad1 Qc5 23. Qh4 Qc2 24. Qg4 Kh8 25. Qh5 Re7 26. Rf1 Kg8 27. Bc1 Re6 28. Rd2
Qc4 29. Re1 Rg6 30. Qf5 Re8 31. Rc2 Qb3 32. Rce2 Ree6 33. Nh4 Ne7 34. Qe4 Qb5
35. Nxg6 Rxg6 36. Qf3 Qc4 37. Be3 Ba5 38. Rc1 Qb3 39. Qe4 Nd5 40. Rf1 Qb5 41.
Rc2 Bc7 42. Bd2 Qb3 43. Bc3 Re6 44. f4 Bb6+ 45. Kh2 Ne3 46. Rcf2 Nxf1+ 47. Rxf1
Qd5 48. Qxd5 cxd5 49. Rd1 Be3 50. g3 d4 51. Bxd4 Bxd4 52. Rxd4 b5 53. Rb4 Rb6
54. Kg2 g6 55. Kf3 h5 56. Ke4 Kf8 57. Kd5 Rb8 58. Kc5 Rc8+ 59. Kxb5 Rc2 60. g4
h4 61. f5 gxf5 62. gxf5 Re2 63. Kxa4 Rxe5 64. Rxh4 Rxf5 65. b4 Ke7 66. b5 Kd7
67. Ka5 Kc7 68. a4 Kb7 69. Re4 Rh5 70. Re7+ Kb8 71. Rxf7 Rxh3 72. Ka6 Rh4 73. a5
Rh6+ 74. b6 Rh8 75. Rb7+ Ka8 76. Rc7 Kb8 77. Kb5 Rh5+ 78. Rc5 Rh6 79. a6 Rh8 80.
a7+ Ka8 81. Ka6 1-0

[Event "Mondiale Lampo FIDE 2022"]
[Site "Alma Ata"]
[Date "30.12.2022"]
[Round "14.78"]
[White "Begmuratov, Khumoyun"]
[Black "Petkov, Momchil"]
[Result "1/2-1/2"]
[WhiteTitle ""]
[BlackTitle ""]
[WhiteElo "2399"]
[BlackElo "2531"]
[WhiteFideId "14210207"]
[BlackFideId "2921642"]
[EventDate "29.12.2022"]

1. e4 e5 2. Nf3 Nc6 3. Nc3 Nf6 4. d4 exd4 5. Nxd4 Bb4 6. Nxc6 bxc6 7. Bd3 d5 8.
exd5 O-O 9. O-O cxd5 10. h3 c6 11. Qf3 Re8 12. Bf4 Nd7 13. Qg3 Nc5 14. Bg5 f6
15. Bf4 Nxd3 16. Qxd3 Be6 17. Ne2 c5 18. c3 Ba5 19. Ng3 Qd7 20. Rfe1 Bf7 21. Kh2
Bb6 22. Rad1 d4 23. b3 Qd5 24. c4 Qd7 25. Qf3 Bg6 26. h4 Ba5 27. Rxe8+ Rxe8 28.
Bd2 Bc7 29. Bf4 Ba5 30. Bd2 Bc7 31. Bf4 Be5 32. h5 Bf7 33. h6 Qd6 34. Bxe5 Qxe5
35. hxg7 Kxg7 36. Kg1 h5 37. Nf5+ Kf8 38. Nh4 Qg5 39. g3 Kg8 40. Nf5 Bg6 41.
Qd5+ Kh8 42. Nh4 Qxd5 43. Nxg6+ Kg7 44. cxd5 Kxg6 45. b4 Rd8 46. bxc5 Rxd5 47.
c6 Kf7 48. Rc1 Rd8 49. c7 Rc8 50. Rd1 Rxc7 51. Rxd4 Ke6 52. Ra4 Kf7 53. Kg2 Kg6
54. Ra5 Rd7 55. a4 Rc7 56. Rd5 Rc4 57. a5 Ra4 58. Kh3 a6 59. Rc5 Ra2 60. Kg2 Ra3
61. Kf1 Ra2 62. Rd5 Kh6 63. Ke1 Kg6 64. Kf1 Kh6 65. Kg2 Ra3 66. Rc5 Kg6 67. Kf1
Ra2 68. Rd5 1/2-1/2

[Event "Mondiale Lampo FIDE 2022"]
[Site "Alma Ata"]
[Date "30.12.2022"]
[Round "14.79"]
[White "Abdilkhair, Abilmansur"]
[Black "Utegaliyev, Azamat"]
[Result "0-1"]
[WhiteTitle ""]
[WhiteElo "2278"]
[BlackElo "2445"]
[WhiteFideId "13716417"]
[BlackFideId "13702467"]
[EventDate "29.12.2022"]

1. e4 c5 2. Nf3 e6 3. d4 cxd4 4. Nxd4 a6 5. c4 Nf6 6. Nc3 Qc7 7. Bd3 Nc6 8. Nxc6
dxc6 9. O-O e5 10. Bg5 Be7 11. Rc1 O-O 12. Qe2 Bg4 13. f3 Be6 14. Kh1 Nh5 15.
Nd5 Bxd5 16. Bxe7 Nf4 17. Qe3 Qxe7 18. cxd5 cxd5 19. exd5 Rad8 20. Rfe1 Qb4 21.
Bc4 Qxb2 22. Qg1 b5 23. Bb3 Nxd5 24. Rc5 Nf4 25. Rcxe5 g6 26. R5e4 Nd3 27. R1e2
Qf6 28. h4 a5 29. Qe3 Nb4 30. a3 Nd5 31. Bxd5 Rxd5 32. Kh2 Qd6+ 33. g3 Rd3 34.
Qf2 Rxa3 35. Kg2 Rc3 36. Qa7 a4 37. h5 Qf6 38. Rf4 Qc6 39. h6 Rc2 40. Re4 Rxe2+
41. Rxe2 b4 42. Qd4 Qc3 43. Qa7 a3 44. Re3 Qb2+ 45. Kh3 a2 46. Re1 b3 47. Qa4
Qc3 48. Rf1 Qd3 49. Re1 Qd2 50. Re4 Qxh6+ 51. Rh4 Qg7 52. Rd4 b2 0-1

[Event "Mondiale Lampo FIDE 2022"]
[Site "Alma Ata"]
[Date "30.12.2022"]
[Round "14.80"]
[White "Degenbaev, Aziz"]
[Black "Gadimbayli, Abdulla"]
[Result "0-1"]
[BlackTitle ""]
[WhiteElo "2139"]
[BlackElo "2524"]
[WhiteFideId "13802640"]
[BlackFideId "13404938"]
[EventDate "29.12.2022"]

1. g3 e5 2. c4 Nf6 3. Bg2 Bc5 4. Nc3 c6 5. e3 O-O 6. Nge2 d5 7. d4 exd4 8. exd4
Bb4 9. cxd5 Nxd5 10. O-O Bxc3 11. Nxc3 Be6 12. Ne4 Na6 13. Nc5 Nxc5 14. dxc5 Qf6
15. Qf3 Qe7 16. Qa3 Rfd8 17. Re1 Qf6 18. Bd2 Nc7 19. Bc3 Qe7 20. Be5 Nb5 21. Qe3
a5 22. a4 Nc7 23. Rad1 Nd5 24. Bxd5 Rxd5 25. Rxd5 Bxd5 26. Bd6 Qxe3 27. Rxe3 Be6
28. Re4 Rd8 29. Rd4 Bd5 30. b4 Re8 31. Kf1 axb4 32. Rxb4 h5 33. Rxb7 Re4 34. Ra7
Rd4 35. Ke2 Bc4+ 36. Ke3 Rd3+ 37. Kf4 Rd4+ 38. Ke3 Rd3+ 39. Kf4 Bd5 40. a5 f6
41. Kf5 Rf3+ 42. Kg6 Be4+ 43. Kxh5 Rxf2 44. h4 Kh7 45. g4 Rf5+ 46. gxf5 Bf3# 0-1

[Event "Mondiale Lampo FIDE 2022"]
[Site "Alma Ata"]
[Date "30.12.2022"]
[Round "14.81"]
[White "Haldorsen, Benjamin"]
[Black "Gurel, Ediz"]
[Result "0-1"]
[WhiteTitle ""]
[BlackTitle ""]
[WhiteElo "2449"]
[BlackElo "2454"]
[WhiteFideId "1512633"]
[BlackFideId "44507356"]
[EventDate "29.12.2022"]

1. Nf3 Nf6 2. g3 d5 3. Bg2 c5 4. c4 d4 5. e3 Nc6 6. exd4 cxd4 7. O-O g6 8. d3
Bg7 9. Nbd2 O-O 10. Qe2 Nd7 11. Re1 h6 12. Rb1 a5 13. b3 e5 14. Ne4 Qe7 15. g4
f5 16. gxf5 gxf5 17. Ng3 Kh7 18. Nh5 Bh8 19. Nf4 Rg8 20. Nd5 Qg7 21. Nh4 Nc5 22.
Kh1 Be6 23. f4 Qg4 24. Nf3 Nxd3 25. Qxd3 Qxg2# 0-1

[Event "Mondiale Lampo FIDE 2022"]
[Site "Alma Ata"]
[Date "30.12.2022"]
[Round "14.82"]
[White "Mamedov, Edgar"]
[Black "Kazakov, Konstantin"]
[Result "1/2-1/2"]
[WhiteTitle ""]
[BlackTitle ""]
[WhiteElo "2283"]
[BlackElo "2385"]
[WhiteFideId "13739980"]
[BlackFideId "13700898"]
[EventDate "29.12.2022"]

1. Nf3 Nf6 2. c4 b6 3. g3 Bb7 4. Bg2 e6 5. O-O Be7 6. Nc3 O-O 7. Re1 d5 8. cxd5
Nxd5 9. e4 Nxc3 10. bxc3 c5 11. d4 Nd7 12. Bf4 Rc8 13. Qa4 a6 14. Rad1 b5 15.
Qb3 Qb6 16. d5 exd5 17. exd5 Bf6 18. c4 Ba8 19. Ne5 Bxe5 20. Bxe5 bxc4 21. Qxc4
Qb5 22. Qc3 Nxe5 23. Rxe5 Qb4 24. Qxb4 cxb4 25. d6 Bxg2 26. Kxg2 Rfd8 27. d7 Rb8
28. Rd6 g6 29. Ra5 Rb7 30. Raxa6 Rdxd7 31. Rxd7 Rxd7 32. Rb6 1/2-1/2

[Event "Mondiale Lampo FIDE 2022"]
[Site "Alma Ata"]
[Date "30.12.2022"]
[Round "14.83"]
[White "Mamatov, Melis"]
[Black "Khusenkhojaev, Mustafokhuja"]
[Result "1/2-1/2"]
[WhiteTitle ""]
[WhiteElo "2399"]
[BlackElo "2265"]
[WhiteFideId "13800027"]
[BlackFideId "14700727"]
[EventDate "29.12.2022"]

1. e4 e5 2. Nf3 Nc6 3. Bc4 Bc5 4. c3 Nf6 5. d3 O-O 6. O-O d5 7. exd5 Nxd5 8. Re1
Bg4 9. h3 Bh5 10. Nbd2 Nb6 11. Bb3 Qxd3 12. Bc2 Bxf3 13. Nxf3 Qxd1 14. Bxd1 Rfe8
15. Bb3 h6 16. a4 a5 17. Nd2 Rad8 18. Ne4 Bf8 19. g4 Nd5 20. Bc4 Nb8 21. Be2 c6
22. Kg2 Nd7 23. Bc4 N7f6 24. Ng3 Nf4+ 25. Bxf4 exf4 26. Nf1 g5 27. Rxe8 Rxe8 28.
Rd1 Kg7 29. Kf3 Bc5 30. Nd2 Bb6 31. Bd3 Rd8 32. Nc4 Bc7 33. Bc2 Rxd1 34. Bxd1
Nd7 35. Bc2 Ne5+ 36. Nxe5 Bxe5 37. Ke4 Bd6 38. Kf5 Bc5 39. f3 Be3 40. Bd3 Bc1
41. b4 Bd2 42. bxa5 Bxc3 43. a6 bxa6 44. Bxa6 Kf8 45. Bb7 c5 46. Ke4 Ke7 47. Kd5
Bb4 48. Ba6 Kd7 49. Bc4 Kc7 50. a5 Bxa5 51. Kxc5 f6 52. Kd5 Kd7 53. Ke4 Ke7 54.
Kf5 Bc3 55. Kg6 Bd4 56. Kxh6 Bc3 57. Kg6 Be1 58. Kf5 Bf2 59. Ke4 1/2-1/2

[Event "Mondiale Lampo FIDE 2022"]
[Site "Alma Ata"]
[Date "30.12.2022"]
[Round "14.84"]
[White "Elier, Ali"]
[Black "Amangeldy, Ernur"]
[Result "1-0"]
[WhiteElo "2165"]
[BlackElo "2097"]
[WhiteFideId "16217543"]
[BlackFideId "13720244"]
[EventDate "29.12.2022"]

1. e4 e5 2. Nf3 Nc6 3. Bc4 Bc5 4. b4 Bxb4 5. c3 Be7 6. d4 Na5 7. Be2 d6 8. O-O
Nf6 9. Nbd2 O-O 10. dxe5 dxe5 11. Nxe5 Be6 12. f4 Qd6 13. Kh1 Rad8 14. Qc2 g6
15. Ndf3 Nc6 16. a4 Nb8 17. Ba3 c5 18. Rab1 b6 19. a5 Qc7 20. axb6 axb6 21. c4
Nc6 22. Bb2 Nd4 23. Nxd4 cxd4 24. Qd3 Rfe8 25. Rbd1 Bc5 26. Qf3 Bc8 27. Bd3 Kg7
28. Rde1 Bb7 29. h3 Rxe5 30. fxe5 Qxe5 31. Bc1 Bd6 32. Bf4 Qxf4 33. Qxf4 Bxf4
34. Rxf4 Nd7 35. Rf2 Ne5 36. Rd2 Rd6 37. Kg1 Ba6 38. Red1 Kf6 39. Kf2 Ke6 40.
Be2 Nc6 41. Rb2 Ne5 42. Rbd2 Nc6 43. c5 Bxe2 44. cxd6 Bxd1 45. Rxd1 Kxd6 46. Ke2
b5 47. Kd3 b4 48. Rc1 f6 49. Kc4 Ke5 50. Ra1 Nd8 51. Ra8 Ne6 52. Re8 Kd6 1-0